Science Quiz

Random Science or Astronomy Quiz
Score 0/26 Timer 08:00
0 Plays Today
Proximity Person Actual Person % Correct
Albino EightyAlbert Einstein
89.5%
Thong EdibleThomas Edison
88.8%
Marijuana CureMarie Curie
84.2%
Isatropic NewsmanIsaac Newton
78.3%
Carload SaggingCarl Sagan
67.5%
Alexic FlemishAlexander Fleming
67.1%
Significant FretterSigmund Freud
66.4%
Loudmouthed PastorLouis Pasteur
63.9%
Nike TestosteroneNikola Tesla
62.6%
Niece BohemianNiels Bohr
59.4%
Stepmother HawaiianStephen Hawking
58%
Nicotine CopenhagenNicolaus Copernicus
54.8%
Charismatic DartboardCharles Darwin
53.9%
Proximity Person Actual Person % Correct
Alert Grainy BelladonnaAlexander Graham Bell
53.3%
Maximum PlanetMax Planck
53.3%
Enriched FermentationEnrico Fermi
52.5%
Gallbladder GalaGalileo Galilei
48.5%
Eroded RuthlesslyErnest Rutherford
40.3%
Rendezvous DescriptionRené Descartes
39.6%
Jambalaya WaterworksJames Watson
38.6%
Jangling GoodiesJane Goodall
38.4%
Educated HubrisEdwin Hubble
37.5%
Alfalfa KinkyAlfred Kinsey
32.5%
DNA MenderDmitri Mendeleev
26.7%
Beretta Russian Bertrand Russell
22.3%
Claustrophobic BerlinerClaude Bernard
3%
Remove Ads.
Support Sporcle.
Get the best of Sporcle when you Go Orange. This ad-free experience offers more features, more stats, and more fun while also helping to support Sporcle. Thank you for becoming a member.

You're not logged in!

Compare scores with friends on all Sporcle quizzes.
OR
Log In

Show Comments

Extras

Top Quizzes Today


Score Distribution

Your Account Isn't Verified!

In order to create a playlist on Sporcle, you need to verify the email address you used during registration. Go to your Sporcle Settings to finish the process.

Report this User

Report this user for behavior that violates our Community Guidelines.

Details: